000 00904nam a22003017a 4500
001 000640
003 DO-SdBNP
005 20161107100419.0
007 000640
008 151117b sp 2005 mx a ||||| |||| 00| 0 spa d
020 _a9681907183
040 _aBPMSU
_bspa
_cBPMSU
082 _axxxx
_bxxxx
100 1 0 _aLodi, Mario,
_d1922-
245 1 0 _aCipi /
_cMario Lodi ; ilustración Viví Escrivá ; traducción Carmen Santos.
250 _a2ª reimp.
260 _aMéxico :
_bAlfaguara,
_c2005.
300 _a114 p. :
_bil. ;
_c20 cm.
490 1 0 _aAlfaguara Infantil
500 _aIncluye datos del autor.
500 _aApartir de niños de 8 años
500 _aSegunda reimpresión: julio de 2005
700 1 2 _aSantos, Carmen,
_etr.
700 1 2 _aEscrivá, Viví,
_eil.
830 0 _aAlfaguara Infantil
942 _2ddc
_cBK
956 _aLOPEREZ
_210
_320161107
_6BPMSU
_800041
999 _c11806
_d11806